[Event "18MCRE_F"]
[Site "?"]
[Date "2006.??.??"]
[Round "?"]
[White "Kuta, Jiri"]
[Black "Privoznik, Lubos"]
[Result "1-0"]
[WhiteElo "2310"]
[BlackElo "2348"]
[PlyCount "127"]
[EventDate "2006.??.??"]
[EventType "corr"]

1. d4 Nf6 2. c4 g6 3. Nc3 Bg7 4. e4 d6 5. h3 Nbd7 6. Bg5 O-O 7. Nf3 a6 8. Nd2
c6 9. Be2 Qb6 10. Nb3 a5 11. a4 c5 12. d5 Nb8 13. O-O Na6 14. f4 h6 15. Bh4 Re8
16. Bg3 Nh7 17. f5 g5 18. Ra3 Bd7 19. Qd2 Nb4 20. h4 Bf6 21. e5 Bxe5 22. Bxe5
dxe5 23. Ne4 Nf6 24. Ng3 Nh7 25. Bd1 Rec8 26. Ne4 Nf6 27. Nf2 Bxf5 28. hxg5 Nh7
29. gxh6 Qg6 30. Qe2 Nd3 31. Ng4 e4 32. Nd2 Ra6 33. Ne3 Bd7 34. d6 Rxd6 35. Nd5
Rxd5 36. cxd5 f5 37. Nc4 Qf6 38. Rxd3 exd3 39. Qxd3 Qxh6 40. d6 e6 41. Bb3 Kf8
42. Ne5 Rd8 43. Rf4 Be8 44. d7 Rxd7 45. Nxd7+ Bxd7 46. Qd6+ Ke8 47. Qb8+ Ke7
48. Qe5 b6 49. Rxf5 Qc1+ 50. Kh2 Qh6+ 51. Rh5 Nf6 52. Rxh6 Ng4+ 53. Kg3 Nxe5
54. Bc2 Nc4 55. b3 Na3 56. Bd3 c4 57. bxc4 Bxa4 58. Kf4 Bb3 59. Ke5 Nxc4+ 60.
Bxc4 Bxc4 61. Rh7+ Kd8 62. g4 Bd3 63. Rg7 a4 64. g5 1-0

[Event "18MCRE_F"]
[Site "?"]
[Date "2006.??.??"]
[Round "?"]
[White "Glaser, Karel"]
[Black "Prchly, Milos"]
[Result "1/2-1/2"]
[WhiteElo "2159"]
[BlackElo "2269"]
[PlyCount "105"]
[EventDate "2006.??.??"]
[EventType "corr"]

1. e4 e5 2. Nf3 Nf6 3. d4 Nxe4 4. Bd3 d5 5. Nxe5 Bd6 6. O-O O-O 7. c4 Bxe5 8.
dxe5 Nc6 9. f4 Nb4 10. cxd5 Qxd5 11. Bxe4 Qxe4 12. Nc3 Qg6 13. Be3 Bf5 14. Nd5
Nxd5 15. Qxd5 Be4 16. Qd2 f6 17. Rf2 fxe5 18. fxe5 Rxf2 19. Qxf2 Rf8 20. Qg3
Qxg3 21. hxg3 a6 22. Rf1 Re8 23. Bd4 b6 24. b4 Re6 25. a3 Rc6 26. Bb2 Bd5 27.
Rd1 Bb3 28. Rd8+ Kf7 29. Rd7+ Ke6 30. Rxg7 Rc2 31. Bd4 c5 32. Bf2 Kxe5 33. Rxh7
Rc1+ 34. Kh2 Rf1 35. Be3 c4 36. Bxb6 c3 37. Rc7 c2 38. Be3 Re1 39. Bg5 Kd4 40.
g4 Rf1 41. Bh6 Bc4 42. Bg7+ Kd3 43. Rd7+ Ke2 44. Bh6 Rd1 45. Rc7 Kd3 46. a4 Ra1
47. Rd7+ Kc3 48. b5 axb5 49. axb5 Bxb5 50. Rc7+ Kd3 51. Rb7 Bc6 52. Rc7 Bd5 53.
Rd7 1/2-1/2

[Event "18MCRE_F"]
[Site "?"]
[Date "2006.??.??"]
[Round "?"]
[White "Firla, Stanislav"]
[Black "Prchly, Milos"]
[Result "1/2-1/2"]
[WhiteElo "2362"]
[BlackElo "2269"]
[PlyCount "111"]
[EventDate "2006.??.??"]
[EventType "corr"]

1. e4 e5 2. Nc3 Nf6 3. Nf3 Nc6 4. Bb5 Bb4 5. O-O O-O 6. d3 d6 7. Bg5 Ne7 8. Bc4
Bxc3 9. bxc3 Ng6 10. Nh4 Nf4 11. Rb1 c6 12. Bb3 b6 13. a4 Re8 14. Re1 Ne6 15.
Bxe6 Bxe6 16. Qf3 h6 17. Bxf6 Qxf6 18. Qxf6 gxf6 19. f4 Rad8 20. f5 Bc8 21. Kf2
d5 22. a5 bxa5 23. Ra1 Re7 24. Rxa5 Rb7 25. Ra2 Kf8 26. Ke3 dxe4 27. Kxe4 Rc7
28. Ke3 c5 29. c4 a6 30. Ra5 Rc6 31. Rb1 Ke7 32. g3 Kd6 33. Rba1 Kc7 34. Nf3
Kb7 35. Rf1 Rg8 36. Rf2 Kc7 37. Nd2 Rg5 38. Ne4 Rxf5 39. Rxf5 Bxf5 40. Nxc5 Bc8
41. c3 f5 42. d4 f6 43. Ra4 Rb6 44. Ra2 Rc6 45. Kd3 h5 46. Nb3 Rb6 47. Kc2 f4
48. gxf4 Bf5+ 49. Kb2 Bd3 50. c5 Rb5 51. fxe5 Bc4 52. Ra3 f5 53. Kc2 Rxb3 54.
Ra4 Bb5 55. Ra5 Bc4 56. Ra4 1/2-1/2

[Event "18MCRE_F"]
[Site "?"]
[Date "2006.??.??"]
[Round "?"]
[White "Prchly, Milos"]
[Black "Sochor, Frantisek"]
[Result "1/2-1/2"]
[WhiteElo "2269"]
[BlackElo "2344"]
[PlyCount "119"]
[EventDate "2006.??.??"]
[EventType "corr"]

1. d4 d5 2. c4 c6 3. Nc3 Nf6 4. e3 e6 5. Nf3 Nbd7 6. Bd3 dxc4 7. Bxc4 b5 8. Bd3
a6 9. e4 c5 10. d5 Bb7 11. O-O Bd6 12. dxe6 fxe6 13. Bxb5 Bxh2+ 14. Nxh2 axb5
15. Nxb5 O-O 16. Nd6 Ba6 17. Qb3 Qe7 18. Rd1 Be2 19. Rd2 c4 20. Nxc4 Nc5 21.
Qc3 Bxc4 22. Qxc4 Ncxe4 23. Rc2 Qd7 24. Be3 Ra4 25. Qe2 Nd5 26. b3 Raa8 27.
Rac1 e5 28. Ng4 Nxe3 29. Nxe3 Nxf2 30. Rd2 Qa7 31. Rc4 Rf4 32. Rxf4 exf4 33.
Qc4+ Kh8 34. Qxf4 Ng4 35. Rd4 Nxe3 36. Ra4 Qb8 37. Rxa8 Qxa8 38. Qxe3 h6 39. a4
Qa5 40. Qe6 Qc5+ 41. Kf1 Qc1+ 42. Ke2 Qc2+ 43. Ke3 Qc3+ 44. Ke4 Qe1+ 45. Kd5
Qd2+ 46. Kc4 Qf4+ 47. Kc5 Qf2+ 48. Kb5 Qxg2 49. a5 Qf1+ 50. Ka4 Qa1+ 51. Kb4
Qd4+ 52. Kb5 Qd3+ 53. Ka4 Qd1 54. a6 h5 55. Qc8+ Kh7 56. Qf5+ Kh8 57. Qe5 Kh7
58. Qf5+ Kh8 59. Qf8+ Kh7 60. Qf5+ 1/2-1/2

[Event "18MCRE_F"]
[Site "?"]
[Date "2006.??.??"]
[Round "?"]
[White "Prchly, Milos"]
[Black "Pytlik, Lesek"]
[Result "0-1"]
[WhiteElo "2269"]
[BlackElo "2387"]
[PlyCount "100"]
[EventDate "2006.??.??"]
[EventType "corr"]

1. d4 Nf6 2. c4 g6 3. Nc3 Bg7 4. e4 d6 5. Be2 O-O 6. Nf3 e5 7. O-O Nc6 8. d5
Ne7 9. Ne1 Ne8 10. Be3 f5 11. f3 f4 12. Bf2 h5 13. c5 g5 14. Rc1 Ng6 15. Nd3
Rf7 16. Nb5 Nf6 17. cxd6 cxd6 18. Nxa7 Bd7 19. Qb3 g4 20. Bb6 Qe7 21. Nb5 Ne8
22. Rc2 Nh4 23. Ne1 g3 24. a4 Ng6 25. h3 Qh4 26. Nd3 Bxh3 27. gxh3 Qxh3 28. Bd1
Nh4 29. Re1 Bf8 30. Nd4 exd4 31. Bxd4 Rc8 32. Rd2 g2 33. Nf2 Qg3 34. Rc2 Rxc2
35. Qxc2 Rc7 36. Qd2 Bg7 37. Bxg7 Rxg7 38. e5 Nxf3+ 39. Bxf3 Qxf3 40. exd6 Nxd6
41. Qa5 Kh7 42. Qd8 Nc4 43. Qe8 Qxd5 44. Qe4+ Qxe4 45. Rxe4 Nd2 46. Rxf4 Rg3
47. Ne4 Nxe4 48. Rxe4 Kg6 49. a5 Kg5 50. Re2 Rb3 0-1

[Event "18MCRE_F"]
[Site "?"]
[Date "2006.??.??"]
[Round "?"]
[White "Kuta, Jiri"]
[Black "Prepiora, Vaclav"]
[Result "1-0"]
[WhiteElo "2310"]
[BlackElo "2414"]
[PlyCount "137"]
[EventDate "2006.??.??"]
[EventType "corr"]

1. d4 Nf6 2. c4 c5 3. d5 d6 4. Nc3 g6 5. e4 Bg7 6. Nf3 Qa5 7. Bd2 O-O 8. Be2
Qb6 9. O-O Bg4 10. h3 Bxf3 11. Bxf3 Nbd7 12. Qc2 a6 13. Be2 e6 14. dxe6 fxe6
15. Rad1 Ne5 16. Be3 Rad8 17. Na4 Qa7 18. f4 Nc6 19. e5 Nd4 20. Rxd4 cxd4 21.
exf6 Rxf6 22. Bf2 Rxf4 23. c5 Qb8 24. Rd1 Qc8 25. b4 Qc6 26. Qb3 d5 27. Bg3 Rf7
28. b5 Qd7 29. bxa6 bxa6 30. Bxa6 Qa7 31. Qb6 Ra8 32. Bb5 Qe7 33. Qd6 Qxd6 34.
cxd6 Ra5 35. d7 Bf6 36. Rb1 Rxb5 37. Rxb5 Rxd7 38. Nc5 Ra7 39. Nxe6 Kf7 40. Nc7
Bd8 41. Nxd5 Rxa2 42. Rb7+ Ke8 43. Rb8 Kd7 44. Nb6+ Bxb6 45. Rxb6 Ra1+ 46. Kf2
Ra2+ 47. Kf1 Ra1+ 48. Be1 Kc7 49. Rb4 d3 50. Rd4 Rd1 51. Kf2 Kc6 52. Bc3 Kc5
53. Ke3 Rg1 54. Rg4 Rd1 55. Bd2 Rg1 56. Kxd3 Kd5 57. Rg5+ Ke6 58. Be3 Ra1 59.
Rc5 Ra2 60. Rc2 Ra5 61. Rc7 h5 62. Ra7 Rd5+ 63. Bd4 Rg5 64. Ra6+ Kf7 65. Rf6+
Kg8 66. g4 hxg4 67. h4 Rh5 68. Rxg6+ Kf8 69. Rxg4 1-0

[Event "18MCRE_F"]
[Site "?"]
[Date "2006.??.??"]
[Round "?"]
[White "Zatrapa, Petr"]
[Black "Prchly, Milos"]
[Result "1-0"]
[WhiteElo "2321"]
[BlackElo "2269"]
[PlyCount "107"]
[EventDate "2006.??.??"]
[EventType "corr"]

1. e4 e5 2. Bc4 Nf6 3. d3 c6 4. Nf3 d5 5. Bb3 Bd6 6. Nc3 d4 7. Ne2 O-O 8. Ng3
Nbd7 9. O-O Nc5 10. c3 Nxb3 11. axb3 Re8 12. Bd2 c5 13. Qc2 a6 14. h3 Bd7 15.
Nh4 Nh5 16. Nhf5 Nxg3 17. fxg3 Bf8 18. g4 b5 19. c4 a5 20. g5 Qb6 21. h4 bxc4
22. bxc4 g6 23. Nh6+ Bxh6 24. gxh6 f5 25. Bg5 a4 26. exf5 gxf5 27. Qf2 f4 28.
Rae1 Qd6 29. Qf3 Rac8 30. Rf2 Qc6 31. Qh5 Bf5 32. Be7 Qg6 33. Qxg6+ hxg6 34.
Rxe5 Bxd3 35. Rxc5 Bxc4 36. Rxc8 Rxc8 37. Rxf4 d3 38. Bg5 Bb5 39. Re4 Re8 40.
Rd4 Rf8 41. g4 Kh7 42. Bd2 Rc8 43. Kf2 Rc4 44. Rd5 Bc6 45. Rd6 Re4 46. Kg3 Be8
47. Rxd3 Bb5 48. Rd5 Bc6 49. Rd8 Re7 50. Bc3 Re3+ 51. Kf4 Re8 52. Rd6 Rc8 53.
Kg5 Be8 54. Re6 1-0

[Event "18MCRE_F"]
[Site "?"]
[Date "2006.??.??"]
[Round "?"]
[White "Prchly, Milos"]
[Black "Postl, Rostislav"]
[Result "1-0"]
[WhiteElo "2269"]
[BlackElo "2319"]
[PlyCount "89"]
[EventDate "2006.??.??"]
[EventType "corr"]

1. d4 d5 2. c4 e6 3. Nc3 Nf6 4. Bg5 Be7 5. e3 O-O 6. Nf3 h6 7. Bxf6 Bxf6 8. Rc1
c6 9. Bd3 Nd7 10. O-O Be7 11. Re1 Re8 12. Qc2 dxc4 13. Bxc4 b5 14. Bd3 Bb7 15.
Ne4 Qb6 16. Nc5 Nxc5 17. dxc5 Qc7 18. a4 a6 19. Red1 Rad8 20. b4 Kh8 21. Rd2
Rd5 22. e4 Rd7 23. axb5 axb5 24. e5 Red8 25. Rcd1 Rd5 26. Qc3 Kg8 27. Be4 Rxd2
28. Rxd2 Ra8 29. h3 Bc8 30. Nd4 Ra6 31. f4 Bd7 32. Rd1 g6 33. Qg3 Kg7 34. f5
exf5 35. Bxf5 Ra7 36. Bc2 Kh8 37. Qf4 Kg8 38. h4 Be8 39. Bb3 Ra3 40. Qe4 Kh7
41. Rf1 Bf8 42. Bxf7 Bxf7 43. e6 Be8 44. Rxf8 Qg3 45. Nc2 1-0

[Event "18MCRE_F"]
[Site "?"]
[Date "2006.??.??"]
[Round "?"]
[White "Toman, Antonin"]
[Black "Kuta, Jiri"]
[Result "0-1"]
[WhiteElo "2248"]
[BlackElo "2310"]
[PlyCount "132"]
[EventDate "2006.??.??"]
[EventType "corr"]

1. e4 c5 2. b3 Nc6 3. Bb2 d6 4. Nf3 Nf6 5. Nc3 g6 6. Bb5 Bd7 7. O-O Bg7 8. Ne2
a6 9. Bxc6 Bxc6 10. d3 O-O 11. Ng3 b5 12. c4 e5 13. Qc2 Qb6 14. Ng5 a5 15. f4
Nd7 16. f5 a4 17. fxg6 hxg6 18. Qe2 Nf6 19. Rab1 Bd7 20. Bc1 b4 21. Nf3 Ra7 22.
Qe3 Nh7 23. Qf2 Rfa8 24. bxa4 Bxa4 25. a3 Rb7 26. Rb2 b3 27. Ne2 Qc7 28. Nd2
Qa5 29. Nb1 Nf8 30. Nec3 Ne6 31. Nd5 Qd8 32. Nbc3 Nf4 33. Qg3 Bc6 34. Rbf2 Raa7
35. Kh1 Ra6 36. Bb2 Nh5 37. Qg4 Bxd5 38. Nxd5 Nf4 39. Rf3 Ne6 40. Rg3 Raa7 41.
Nc3 Qd7 42. Nb5 Ra8 43. Rgf3 Rf8 44. Bc3 Qc6 45. Rh3 Nf4 46. Rxf4 exf4 47. Qh4
f6 48. Qh7+ Kf7 49. Rh6 Rh8 50. Qxg6+ Kg8 51. Rxh8+ Kxh8 52. Bb2 Qd7 53. Qh5+
Kg8 54. Qd5+ Qf7 55. Nxd6 Qxd5 56. cxd5 Rd7 57. Nf5 Bf8 58. g3 fxg3 59. hxg3
Bd6 60. Bxf6 c4 61. dxc4 Bxa3 62. Bc3 Bb4 63. Bb2 Ra7 64. Nd4 Ra2 65. Bc1 b2
66. Bxb2 Rxb2 0-1

[Event "18MCRE_F"]
[Site "?"]
[Date "2006.??.??"]
[Round "?"]
[White "Prchly, Milos"]
[Black "Laurenc, Petr"]
[Result "1/2-1/2"]
[WhiteElo "2269"]
[BlackElo "2484"]
[PlyCount "142"]
[EventDate "2006.??.??"]
[EventType "corr"]

1. d4 d5 2. c4 c6 3. Nc3 Nf6 4. e3 e6 5. Nf3 Nbd7 6. Bd3 dxc4 7. Bxc4 b5 8. Bd3
Bb7 9. e4 b4 10. Na4 c5 11. e5 Nd5 12. Nxc5 Nxc5 13. dxc5 Bxc5 14. Bb5+ Kf8 15.
O-O h6 16. Qe2 g6 17. Bd2 Kg7 18. Rac1 Rc8 19. Bd3 a5 20. Ba6 Bxa6 21. Qxa6 Qb6
22. Qd3 a4 23. Qe4 Be7 24. b3 Rhd8 25. h3 axb3 26. axb3 Nc3 27. Bxc3 bxc3 28.
Qc2 Ba3 29. Rcd1 Qb4 30. Rfe1 Rxd1 31. Rxd1 Qf4 32. Re1 Bb2 33. Kf1 Rc5 34. Re3
Qb4 35. Ne1 Rb5 36. Re4 Qxb3 37. Qxb3 Rxb3 38. Ke2 Rb5 39. Nd3 c2 40. Rc4 c1=Q
41. Nxc1 Rxe5+ 42. Kf3 Rd5 43. Ke3 Bf6 44. Nd3 g5 45. Ra4 Bd8 46. Rb4 h5 47. g3
Ra5 48. Rb7 Bf6 49. Rd7 Ra4 50. Rd6 h4 51. g4 Ra1 52. Kf3 Rd1 53. Rd7 Kf8 54.
Ne5 Rxd7 55. Nxd7+ Ke7 56. Nb6 Bd4 57. Nc4 f6 58. Ke2 Kd7 59. Nd2 Kd6 60. Kd3
Kd5 61. Ne4 Bb2 62. Nd2 Ba3 63. Nf1 Bc5 64. Ke2 Bd4 65. Nd2 Ba7 66. Kf3 f5 67.
gxf5 exf5 68. Nf1 Bc5 69. Nd2 Bd6 70. Nb3 Bb4 71. Nc1 Kc4 1/2-1/2

[Event "18MCRE_F"]
[Site "?"]
[Date "2006.??.??"]
[Round "?"]
[White "Laurenc, Petr"]
[Black "Pravec, Ladislav"]
[Result "1/2-1/2"]
[WhiteElo "2484"]
[BlackElo "2401"]
[PlyCount "69"]
[EventDate "2006.??.??"]
[EventType "corr"]

1. e4 c5 2. Nf3 d6 3. d4 cxd4 4. Nxd4 Nf6 5. Nc3 a6 6. Be2 g6 7. Be3 Bg7 8. O-O
O-O 9. f4 Nbd7 10. a4 Qc7 11. a5 b5 12. axb6 Nxb6 13. Qd3 Bb7 14. Nb3 Nfd7 15.
Bd4 e5 16. fxe5 Nxe5 17. Qg3 Nbc4 18. Kh1 f6 19. Nd5 Bxd5 20. exd5 Qb7 21. Rfd1
a5 22. Qc3 Rac8 23. Nd2 Qb4 24. Nxc4 Nxc4 25. Bxc4 Rxc4 26. Qe3 Rxc2 27. Qe6+
Rf7 28. Bc3 Qb8 29. Qe4 Qb3 30. Ra3 Rxc3 31. Rxb3 Rxb3 32. Rd2 f5 33. Qe8+ Bf8
34. Qa4 Rfb7 35. Qxa5 1/2-1/2